Quizzes
Events
Quiz Creation
Community
Videos
Private Events
Remove Ads
Sign In
Join for FREE
Feedback
Dark Mode
Quiz Categories
Sports
Geography
Music
Movies
Television
Just For Fun
Miscellaneous
History
Literature
Language
Science
Gaming
Entertainment
Religion
Holiday
For Kids
Quiz Lab
Recent
Popular Today
Quiz Kudos Today
Editor Picks
Curator Picks
Quizzes by...
Day
Popularity
Type
Ratings
Length
Year
Community
Subscriptions
Recent Discussions
Orange Saloon
Badges
Playlists
Quests
Create
Leaderboards
Showdown
Live 5
Trivia Bingo
Activity
Puzzle Library
Sporcle Events
Private Events
Virtual Trivia
Globe League
Become a Host
Pub Owners
SporcleCon
Opinionation
Our Games
Videos
Blog
Mobile Apps
Partnerships
Remove Ads and Go Orange
Feedback
Sports
Athletes
MLB
NBA
NHL
NFL
Soccer
Sports Teams
WWE
NCAA
Football
Premier League
Basketball
Baseball
Hockey
Golf
Tennis
Cricket
Rugby
Auto Racing
Olympics
World Cup
Sports
Athletes
MLB
NBA
NHL
NFL
Soccer
Sports Teams
WWE
NCAA
Football
Premier League
Basketball
Baseball
Hockey
Golf
Tennis
Cricket
Rugby
Auto Racing
Olympics
World Cup
Random Quiz
Search Sporcle
×
Quiz Lab
Quiz Lab
Sports
NFL
Type in answers that appear in a list
Type in answers that appear in a list
Classic
Best Score? Go Orange.
2013 NFL Touchdowns Stats
Can you name the NFL players with at least 10 Touchdowns in 2013
By
ToBeNamedLater
5m
23 Questions
59 Plays
59 Plays
59 Plays
Comments
Comments
Give Quiz Kudos
Give Quiz Kudos
-
- Ratings
hide this ad
More Info
Replay
Link that replays current quiz
Next Quiz
Link to next quiz in quiz playlist
You Got
0%
They Got
Avg Score
87%
Avg Friend Score
Upgrade to see
Score Distribution
Jump to the score distribution portion of the page
Score
0/23
Timer
05:00
0
Plays Today
Team
Player
% Correct
KC
Jamaal Charles
98.3%
Det
Calvin Johnson
98.3%
Ten
Chris Johnson
98.3%
Sea
Marshawn Lynch
96.6%
Den
Demaryius Thomas
96.6%
Den
Julius Thomas
96.6%
NO
Jimmy Graham
94.9%
Dal
Dez Bryant
94.9%
Chi
Brandon Marshall
94.9%
Cin
AJ Green
93.2%
Den
Wes Welker
93.2%
SF
Vernon Davis
91.5%
Team
Player
% Correct
Den
Knowshon Moreno
91.5%
Chi
Matt Forte
91.5%
Phi
LeSean McCoy
91.5%
Min
Adrian Peterson
91.5%
Dal
Demarco Murray
91.5%
Den
Eric Decker
86.4%
GB
Eddie Lacy
84.7%
Ari
Larry Fitzgerald
84.7%
Buf
Fred Jackson
79.7%
Cin
Marvin Jones
44.1%
Pit
Jerricho Cotchery
37.3%
Quiz Playlist
Details
Report
Send in Message
Add To Playlist
More Info:
Players in 2013 with at least 10 touchdowns
Classic:
Type in answers that appear in a list
Last Updated: Feb 16, 2017
Quiz Scoreboard
CHALLENGE
Sign Up to Join the Scoreboard
Show All
Scores
Hide
Comments
May contain spoilers
Recently Published
College Basketball Coaching Resumes
by pancakes188
Sports
9m
Billboard Blitz: Fleetwood Mac
by CooCooCachoo
Music
15s
Presidents Visiting Landmarks
by Hejman
History
7m
More to Explore
Quiz From the Vault
Featured Blog Post
Where Did the Easter Bunny Come From?
hide this ad
You Might Also Like...
Tags
NFL Quiz
2013
least
Player
team
Touchdown
Today's Top Quizzes in Sports
Browse Sports
hide this ad
Today's Top Quizzes in NFL
Browse NFL
Top Contributed Quizzes in Sports
1
2022 World Cup Stars
2
Les meilleurs buteurs des matchs entre le PSG et l’OM
3
FIFA Club World Cup Champions
4
Les entraîneurs de l'OM et du PSG au 21e siècle
5
Criteria MLB: Left Handed Sluggers
6
AFC Teams Reveal (Wrong Answers Minefield)
7
5-to-1: UK Sports Teams
8
5-to-1: FBS Animal Nicknames
9
2023 MLB Unique Player Accomplishments
10
Name the Premier League winners with different clubs
Explore More
Trending Topics
Anime
NBA
Disney
Harry Potter
Kpop
Marvel
Crossword
Soccer
Country
Song
The Office
WWE
Pokémon
NFL
Puzzle
hide this ad
More By:
ToBeNamedLater
Quiz
Plays
Rating
Category
Featured
Created
'80s Song Pairs
38,137
4.61
Music
Nov 25, 2017
2016 NCAA Basketball Tournament Seeds
18,682
3.70
Sports
Mar 24, 2016
Order of Historical Deaths
5,983
3.36
History
Dec 7, 2014
2018 NCAA Basketball Tournament Seeds
2,147
5.00
Sports
Mar 24, 2018
2016 NFL Starting Quarterback Numbers
1,622
5.00
Sports
Sep 24, 2016
Go to Creator's Profile
Score Distribution
Quiz Creator Spotlight
ToBeNamedLater
Follow
Send a Message
Quizzes Created
-
Created Quiz Play Count
-
More By This Creator
Popular Quizzes Today
1
Find the US States - No Outlines Minefield
2
Find the Countries of Europe - No Outlines Minefield
3
The Countries of the World
4
Find the US States
5
Risky Map Clicking: Biggest States A-Z
6
US States
7
Popular People in 1961
8
Movies - When Are They Set?
More Sports Quizzes
Big Five Top Scorers 1976-1977
Quiz Lab
Trending Quizzes
Risky Map Clicking: Least Populous States A-Z
1-10 Letter G Words
1-10 Letter F Words
Risky Map Clicking: Next State Alphabetically
Risky Map Clicking: Biggest States A-Z
Recently Updated
Leaping Animals
pecheneg
Reality TV Shows (A-Z)
bhenderson79
Rickey Henderson's Hall of Fame Teammates
pecheneg
Champions League XIs: Arsenal
pecheneg
Quick Pick: Celebrities in WWE's Hall of Fame
aduchscher
A-Z Keypad Blitz II
pecheneg
Multiple Oscar Actors
pecheneg
Mystery Phrase Blitz: Oscar 'Best Actors'
pecheneg
F. Scott Fitzgerald Novels
LTH
Pick 3 Villains
ddd62291
Trending Topics
Crossword
Kpop
Anime
Marvel
Harry Potter
Disney
NBA
NFL
Country
Soccer
Puzzle
The Office
Song
WWE
Pokémon
Your Account Isn't Verified!
In order to create a playlist on Sporcle, you need to verify the email address you used during registration. Go to your
Sporcle Settings
to finish the process.
Report this User
Report this user for behavior that violates our
Community Guidelines
.
Details:
Send Report
Go to the Sporcle.com Mobile Site →
Comments